| 000 | 00737nam a2200253 a 4500 | ||
|---|---|---|---|
| 001 | BRCA_7833 | ||
| 005 | 20190320210021.0 | ||
| 008 | 011113s1962----fr-a######---#000-0#fre-# | ||
| 041 | _afre | ||
| 044 | _afr | ||
| 050 | 4 |
_aNK7142 _b.G73 _c1962 |
|
| 100 | 1 |
_aGrandjean, Serge _919389 |
|
| 245 | 1 | 0 |
_aL´orfevrerie du XIX siecle en Europe _cpar Serge Grandjean. |
| 260 |
_aParís _bUniversitaires de France _c1962 |
||
| 300 |
_aviii, 161 p. _bil., 32 láminas _c22 cm. |
||
| 440 | 0 |
_aL´Oeil du Connoisseur _919390 |
|
| 500 | _aY33 | ||
| 650 | 1 | 4 |
_aPlatería _zEuropa _919391 |
| 650 | 1 | 4 |
_aOrfebrería _zEuropa _919392 |
| 650 | 1 | 4 |
_aPlatería _xHistoria _92975 |
| 650 | 1 | 4 |
_aOrfebrería _xHistoria _919393 |
| 902 | _aGFM | ||
| 942 |
_2lcc _cB |
||
| 999 |
_c7507 _d7507 |
||